000 00541nam a2200193Ia 4500
003 GCL
008 140319s9999 xx 000 0 ara d
040 _aGCL /
_cGCL
082 0 4 _a832
_bج د
100 1 _aمحمد مندور
245 1 0 _aالدراما الالمانية الحديثة /
_cمحمد مندور
700 1 _aوجيه سمعان
700 1 _aجارتن، هـ . ف.
300 _a374 ص
490 _aالالف كتاب
_v0
650 0 4 _aالادب الالمانى
650 0 4 _aالدراما
942 _2ddc
_cBK
999 _c43208
_d43208